000 00316nam a22001457a 4500
008 210308b ||||| |||| 00| 0 eng d
020 _a2901412977707
041 _aeng
080 _a316
082 _2316
100 _a51
101 _aSOC
245 _aIntroducton to socilogy
_cGeorge Ritzer
942 _2udc
_cBK
999 _c55973
_d55973